Fear of the Coronavirus and the Stock Markets
Vypuknutie pandémie COVID-19 a akciové trhy uprostred vysokej neistoty. Objemová aktivita vyhľadávania Google ako ukazovateľ paniky a strachu. Zvolené hľadané výrazy sú špecifické pre koronavírusovú krízu a zodpovedajúce frázam súvisiacim s politikami nefarmaceutických zásahov v boji proti fyzickej...
Gespeichert in:
| 1. Verfasser: | |
|---|---|
| Weitere Verfasser: | , , |
| Format: | Buchkapitel |
| Sprache: | Englisch |
| Schlagworte: | |
| Tags: |
Keine Tags, Fügen Sie das erste Tag hinzu!
|
MARC
| LEADER | 00000naa a2200000 4500 | ||
|---|---|---|---|
| 001 | 0271239 | ||
| 005 | 20250506130704.3 | ||
| 041 | 0 | |a eng | |
| 044 | |a US | ||
| 245 | 1 | 0 | |a Fear of the Coronavirus and the Stock Markets |c Štefan Lyócsa, Eduard Baumöhl, Tomáš Výrost, Peter Molnár |
| 520 | |a Vypuknutie pandémie COVID-19 a akciové trhy uprostred vysokej neistoty. Objemová aktivita vyhľadávania Google ako ukazovateľ paniky a strachu. Zvolené hľadané výrazy sú špecifické pre koronavírusovú krízu a zodpovedajúce frázam súvisiacim s politikami nefarmaceutických zásahov v boji proti fyzickej nákaze. Strach z koronavírusu sa prejavuje ako nadmerný objem vyhľadávania a zároveň ako včasný a cenný zdroj údajov na predpovedanie kolísania cien akcií na celom svete. | ||
| 610 | 2 | 0 | |a koronavírus |
| 610 | 2 | 0 | |a trh akciový |
| 610 | 2 | 0 | |a internet |
| 610 | 2 | 0 | |a stránky webové |
| 100 | 1 | |a Lyócsa, Štefan, 1982- | |
| 700 | 1 | |a Baumöhl, Eduard, 1982- | |
| 700 | 1 | |a Výrost, Tomáš, 1978- | |
| 700 | 1 | |a Molnár, Peter | |